15 Największych Miast w Afryce z Mapą - Statystyki

Ogólne statystyki
  • Ten quiz został rozwiązany 13 118 razy
  • Średni wynik to 8 z 15
Odpowiedzi na mapie
Odpowiedzi zakodowano w zielono-czerwonej skali na mapie do tego quizu, zgodnie z poniższymi procentami.
 
Statystyki odpowiedzi
Ludność Miasto % Poprawnych
20.5 mil Kair
98%
3.90 mil Algier
80%
13.7 mil Johannesburg
80%
4.18 mil Kapsztad
67%
5.95 mil Nairobi
66%
5.70 mil Aleksandria
65%
18.8 mil Lagos
61%
4.43 mil Casablanca
55%
6.15 mil Chartum
52%
12.0 mil Kinszasa
52%
7.90 mil Luanda
42%
4.95 mil Akra
39%
6.15 mil Dar es Salaam
27%
5.45 mil Abidżan
23%
4.55 mil Kano
18%
Nie znaleziono quizów pasujących do podanych kryteriów
Rozkład punktacji
Procent ludzi z każdym wynikiem
Percentyl według liczby udzielonych odpowiedzi
Twoja historia wyników
Nie rozwiązałeś tego quizu